Las etapas del imperialismo romano

Đã lưu trong:
Chi tiết về thư mục
Tác giả chính: Carcopino, Jérome (Tác giả)
Định dạng: Sách
Ngôn ngữ:Tiếng Tây Ban Nha
Được phát hành: Buenos Aires Paidos 1975
Loạt:Biblioteca del Hombre Contemporáneo, 271
Những chủ đề:
Các nhãn: Thêm thẻ
Không có thẻ, Là người đầu tiên thẻ bản ghi này!

MARC

LEADER 00000nam a2200000 a 4500
001 UCW8226
003 CL-VaPUC
008 880720e19750000AG |||||||||||||||||spa|d
082 0 4 |a 937.06  |b CAR  |2 21 
100 |a Carcopino, Jérome  |e author  |9 313360 
245 1 4 |a Las etapas del imperialismo romano 
300 |a 313 p 
942 |c BK 
945 |d 19880720 00:00:00 
260 |a Buenos Aires  |b Paidos  |c 1975 
650 7 |a HISTORIA IMPERIO 30 AC-476 DC  |2 CL-VaPUC  |9 313361 
651 0 |a Roma   |9 255106 
583 |a last modification  |c 19880720 00:00:00  |k Rodrigo Vera 
490 0 |a Biblioteca del Hombre Contemporáneo, 271 
999 |c 220679  |d 220677 
952 |0 0  |1 0  |4 0  |6 937_060000000000000_CAR_1975  |7 0  |8 A  |9 213212  |a BIBHIS  |b BIBHIS  |d 2019-11-15  |i 281529K  |o 937.06 CAR 1975  |p 281529K  |r 2025-01-20  |w 2019-11-15  |y BK  |k HIS